000 00797nam a2200265Ia 4500
003 OSt
005 20221005083830.0
006 a|||||r|||| 00| 0
007 ta
008 221004b |||||||| |||| 00| 0 eng d
020 _a9789388162692 (hbk)
_cINR 1545.00
024 _a64723
037 _bBBS/21, 11/12/2019, Better Book Service
_cTextual
040 _aCRL
_cCRL
_beng
041 _2eng
_aeng
082 _aN44(Q2), Q8
100 _aDash K. Prakash Au.
_940793
245 0 _aHindu religion art and architecture
260 _aNew Delhi
_bWriters World India
_c2018
300 _aviii,232p.
_ccm.
650 _a HINDUISM
650 _aARTS
942 _hN44(Q2), Q8
_cTEXL
_2cc
999 _c991647
_d991647